El Salvador : Technical Assistance Report-The Coordinated Direct Investment Survey and the Coordinated Portfolio Investment Survey (April 21-29, 2014).

This Technical Assistance Report discusses the findings and recommendations made by the IMF mission about the compilation of Coordinated Direct Investment Survey and Coordinated Portfolio Investment Survey (CPIS) in El Salvador. The mission recommended the authorities to research the nature of the i...

Descrizione completa

Dettagli Bibliografici
Ente Autore: International Monetary Fund. Statistics Dept
Natura: Periodico
Lingua:English
Pubblicazione: Washington, D.C. : International Monetary Fund, 2018.
Serie:IMF Staff Country Reports; Country Report ; No. 2018/037
Accesso online:Full text available on IMF
LEADER 01889cas a2200241 a 4500
001 AALejournalIMF018253
008 230101c9999 xx r poo 0 0eng d
020 |c 5.00 USD 
020 |z 9781484341193 
022 |a 1934-7685 
040 |a BD-DhAAL  |c BD-DhAAL 
110 2 |a International Monetary Fund.  |b Statistics Dept. 
245 1 0 |a El Salvador :   |b Technical Assistance Report-The Coordinated Direct Investment Survey and the Coordinated Portfolio Investment Survey (April 21-29, 2014). 
264 1 |a Washington, D.C. :  |b International Monetary Fund,  |c 2018. 
300 |a 1 online resource (21 pages) 
490 1 |a IMF Staff Country Reports 
500 |a <strong>Off-Campus Access:</strong> No User ID or Password Required 
500 |a <strong>On-Campus Access:</strong> No User ID or Password Required 
506 |a Electronic access restricted to authorized BRAC University faculty, staff and students 
520 3 |a This Technical Assistance Report discusses the findings and recommendations made by the IMF mission about the compilation of Coordinated Direct Investment Survey and Coordinated Portfolio Investment Survey (CPIS) in El Salvador. The mission recommended the authorities to research the nature of the information available that may be useful for starting the CPIS. This entails discussions regarding the forms designed during the mission for requesting information from new sources. It was also recommended to continue efforts to improve the coverage of surveys applied to nonfinancial private sector enterprises, with emphasis on the largest enterprises that are still reluctant to respond to the balance-of-payments questionnaires. 
538 |a Mode of access: Internet 
830 0 |a IMF Staff Country Reports; Country Report ;  |v No. 2018/037 
856 4 0 |z Full text available on IMF  |u http://elibrary.imf.org/view/journals/002/2018/037/002.2018.issue-037-en.xml  |z IMF e-Library